000
00296 a2200121 4500
001
155409
040
_c
Escola São Tomás de Aquino
240
1
0
_a
Química na abordagem do cotidiano
_l
por
245
1
0
_a
Química na abordagem do cotidiano
440
1
_a
Saraiva
697
_a
QUÍMICA
942
_c
BK
999
_c
155409
_d
155409